000 00249 a2200085 4500
020 _a9788195320882
100 _a Ramachandran, M
245 _aUrban Mobility Solutions for Developing Countries : The Indian Experience
260 _bGhaziabad: Copal;
_c2022
999 _c13158
_d13158